Lateral Podcast Guests - Statistics

General Stats
  • This quiz has been taken 41 times
    5 since last reset
  • The average score is 61 of 142
Answer Stats
Episodes Answer % Correct
38, 44, 130, 142 Adam Chase
100%
66, 73 Adam Ragusea
100%
76, 84 Adam Savage
100%
38, 44, 130, 142 Ben Doyle
100%
177 Dan Faulkner
100%
64, 71, 78, 86, 94, 102, 129, 133, 139, 141, 149, 156 Daniel Peake
100%
1, 7, 14, 20, 27, 33, 39, 45, 55, 58, 91, 98, 109, 119, 123, 132, 144, 151, 160, 168, 176 Dani Siller
100%
100, 106 Dan Schreiber
100%
95, 103, 145, 152 Evan Edinger
100%
61, 69, 113, 121, 147, 154, 163, 169 Evan Heling
100%
18, 158, 164 Jay Foreman
100%
61, 69, 113, 121, 147, 154, 163, 169 Katelyn Heling
100%
158, 164 Mark Cooper-Jones
100%
24, 30 Mark Rober
100%
112, 120, 124, 133, 134, 141, 172, 179 Matt Gray
100%
1, 7 Matt Parker
100%
38, 44, 130, 142 Sam Denby
100%
111, 118 Sam Meeps
100%
76, 84 Sam Reich
100%
112, 120, 145, 152, 172, 179 Abby Cox
50%
75, 83 Abigail Thorn
50%
167 Alasdair Beckett-King
50%
81, 89 Alec Steele
50%
48, 54, 129, 139 Alec Watson
50%
159, 165 Alex Bell
50%
170, 178 Alexis Dahl
50%
40, 46 Anna Ploszajski
50%
100, 106 Anna Ptaszynski
50%
36, 42, 75, 83, 92, 99, 124, 134, 170, 178 Annie Rauwerda
50%
115 Bec Hill
50%
58, 124, 134 Bernadette Banner
50%
1, 7, 14, 20, 27, 33, 40, 46, 49, 64, 71, 91, 98, 109, 119, 123, 132, 144, 151, 160, 168, 176 Bill Sunderland
50%
82, 90 Bob Hagh
50%
63, 70 Brian David Gilbert
50%
25, 31 Brian McManus
50%
41, 47, 50, 56, 67, 74, 80, 88, 96, 104, 110, 131, 140, 148, 155, 161, 166, 171, 181 Caroline Roper
50%
114, 122 Carson Woody
50%
133, 141, 170, 178 Charlotte Yeung
50%
13, 19 Cleo Abram
50%
3, 9, 53, 59, 93, 101, 146, 153 Corry Will
50%
92, 99 David Bennett
50%
98 Eglė Vaškevičiūtė
50%
41, 47, 50, 56, 67, 74, 80, 88, 96, 104, 110, 131, 140, 148, 155, 161, 166, 171, 181 Ella Hubber
50%
61, 69 Emily Calandrelli
50%
58 Emily Graslie
50%
29, 35 Emily the Engineer
50%
2, 8 Eric Johnson
50%
37, 43 Estefannie
50%
111, 118 Francis Heaney
50%
5, 11 Grady Hillhouse
50%
125, 135, 146, 153, 163, 169 Hannah Crosbie
50%
63, 70 Hannah Fry
50%
62, 95, 103 Hannah Witton
50%
177 Helena Kirk
50%
37, 43, 126, 136 Inés Dawson
50%
112, 120, 144, 151, 167, 172, 179 Iszi Lawrence
50%
24, 30 Jabrils
50%
159, 165 Jack Chambers
50%
53, 59 Jack Chesher
50%
100, 106 James Harkin
50%
174, 182 James Smales
50%
128, 138, 173, 180 Jarvis Johnson
50%
18 Jason Slaughter
50%
36, 42, 60, 68, 92, 99, 126, 136 Jenny Draper
50%
174, 182 John Cantrell
50%
174, 182 Jonny Robins
50%
128, 138, 173, 180 Jordan Adika
50%
6, 12, 26, 32, 75, 83, 93, 101 Jordan Harrod
50%
108, 117 Julian Huguet
50%
51, 57, 109, 119 Julian O'Shea
50%
49, 55, 77, 85, 125, 135, 175, 183 Katie Steckles
50%
18, 29, 35, 52, 114, 122 Kip Heath
50%
64, 71, 82, 90, 115, 175, 183 Lizzy Skrzypiec
50%
3, 9, 53, 59, 93, 101, 146, 153 Luke Cutforth
50%
150, 157 Macy Gilliam
50%
4, 10 Marques Brownlee
50%
51, 57 Matthew Schuchman
50%
16, 22 Mehdi Sadaghdar
50%
15, 21, 28, 34, 65, 72, 79, 87, 97, 105, 127, 137, 162 Melissa Fernandes
50%
52 Michelle Khare
50%
160, 168 Michelle Wong
50%
158, 164 Mithuna Yoganathan
50%
25, 31, 123, 132 Nicholas Johnson
50%
143 Olaf Falafel
50%
95, 103, 114, 122 Ólafur Waage
50%
167 Ria Lina
50%
5, 11, 49, 55, 81, 89, 129, 139, 173, 180 Rowan Ellis
50%
15, 21, 28, 34, 65, 72, 79, 87, 97, 105, 127, 137, 162 Sabrina Cruz
50%
16, 22 Saf AhmedMia
50%
25, 31, 176 Sarah Renae Clark
50%
40, 46 Scott Manley
50%
39, 45, 78, 86 Shawn Brown
50%
81, 89 Simon Clark
50%
13, 19 Simone Giertz
50%
15, 21, 28, 34, 65, 72, 79, 87, 97, 105, 127, 137, 162 Taha Khan
50%
108, 117 Tina Huang
50%
51, 57 Toby Hendy
50%
150, 157 Toby Howell
50%
113, 121 Tom Crawford
50%
41, 47, 50, 56, 67, 74, 80, 88, 96, 104, 110, 131, 140, 148, 155, 161, 166, 171, 181 Tom Lum
50%
5, 11, 66, 73 Vanessa Hill
50%
14, 20 William Osman
50%
4, 10, 29, 35, 126 Wren Weichman
50%
16, 22, 147, 154 Ali Spagnola
0%
27, 33 Amelie Brodeur
0%
100, 106 Andrew Hunter Murray
0%
76, 84 Ashley Hamer
0%
26, 32, 60, 68 Becky Stern
0%
143 Bella Hull
0%
48, 54 Beryl Shereshewsky
0%
2, 8 Brady Haran
0%
94, 102 Ceri Riley
0%
149, 156 Colin Felton
0%
13, 19 Devin Stone
0%
36, 42, 62, 125, 135 Geoff Marshall
0%
94, 102 Hank Green
0%
4, 10 Hayley Loren
0%
48, 54 Jacklyn Dallas
0%
3, 9 Jade Tan-Holmes
0%
37, 43 Jeremy Fielding
0%
52 Joe Hanson
0%
82, 90, 149, 156 Karen Chu
0%
17, 23, 111, 118 Karen Kavett
0%
63, 70 Lily Hevesh
0%
107, 116 Lucy Rogers
0%
159, 165 Manu Henriot
0%
2, 8, 128, 138 Mary Spender
0%
177 Michael Dearsley
0%
62 Mike Boyd
0%
60, 68, 107, 116 Molly Edwards
0%
6, 12 Nahre Sol
0%
150, 157 Neal Freyman
0%
17, 23 Rebecca Smethurst
0%
91 Robert Llewellyn
0%
39, 45, 78, 86, 145, 152 Ruth Amos
0%
77, 85, 108, 117, 175, 183 Sophie Ward
0%
17, 23, 66, 73 Stuart Ashen
0%
77, 85, 115 Stuart Goldsmith
0%
143 Stuart Laws
0%
6, 12, 107, 116 Trace Dominguez
0%
24, 30, 136 Virginia Schutte
0%
26, 32 Xyla Foxlin
0%
No matching quizzes found
Score Distribution
Percent of People with Each Score
Percentile by Number Answered
Your Score History
You have not taken this quiz since the last reset